Statystyki dla Największe miasta w Turcji z mapą

Kliknij tutaj aby rozwiązać quiz!

Ogólne statystyki

  • Ten quiz został rozwiązany 128 razy
  • Średni wynik to 6 z 20

Odpowiedzi na mapie

Odpowiedzi skodowane kolorowo w zielono-czerwonej skali na mapie do tego quizu, zgodnie z poniższymi procentami.
 

Statystyki odpowiedzi

PopulacjaMiasto% Poprawnych
15.1 mStambuł
100%
5.04 mAnkara
96%
2.96 mIzmir
74%
1.24 mAntalya
61%
1.97 mBursa
60%
1.30 mKonya
43%
1.74 mAdana
39%
1.67 mGaziantep
34%
617 kSamsun
27%
996 kMersin
22%
497 kWan
16%
1.04 mDiyarbakır
13%
623 kDenizli
12%
765 kEskisehir
11%
955 kKayseri
10%
708 kGebze
7%
475 kMalatya
7%
577 kSanliurfa
3%
538 kKahramanmaras
2%
525 kAdapazarı
1%

Rozkład punktacji

Percentyl według liczby udzielonych odpowiedzi

Procent ludzi z każdym wynikiem

Twoja historia wyników

Nie rozwiązałeś tego quizu